| 000 | 00385nam a2200133Ia 4500 | ||
|---|---|---|---|
| 005 | 20260328104253.0 | ||
| 008 | 260328s9999||||xx |||||||||||||| ||und|| | ||
| 100 | _aGutheim, Frederick | ||
| 245 | 0 |
_aFrank Lloyd Wright on Architecture : _b Selected writtings 1894-1940 / _cFrederick Gutheim |
|
| 260 | _bDuell, Sloan & Pearce | ||
| 300 | _a275 p. | ||
| 650 | _aARQUITECTOS | ||
| 942 | _cBK | ||
| 999 |
_c10317 _d10317 |
||